Special Economic Zones: Issues, laws and procedures. 2V (Record no. 146784)

MARC details
000 -LEADER
fixed length control field 00368nam a2200133Ia 4500
008 - FIXED-LENGTH DATA ELEMENTS--GENERAL INFORMATION
fixed length control field 230917s9999||||xx |||||||||||||| ||und||
040 ## - CATALOGING SOURCE
-- 119727
Original cataloging agency VIVEKANANDA LIBRARY
041 ## - Language
-- English
082 ## - DDC NUMBER
Classification number 333.336 S31S
100 ## - MAIN ENTRY--PERSONAL NAME
Personal name Gupta, K R, ed.
245 #0 - TITLE STATEMENT
Title Special Economic Zones: Issues, laws and procedures. 2V
260 ## - PUBLICATION, DISTRIBUTION, ETC. (IMPRINT)
Place of publication, distribution, etc New Delhi
Name of publisher, distributor, etc Atlantic Publishers
Date of publication, distribution, etc 2008
942 ## - ADDED ENTRY ELEMENTS (KOHA)
Koha item type Books
Holdings
Withdrawn status Lost status Damaged status Not for loan Location (home branch) Sublocation or collection (holding branch) Date acquired Koha issues (times borrowed) Koha full call number Accession No. Koha date last seen Koha item type
        VIVEKANANDA LIBRARY VIVEKANANDA LIBRARY 02/12/2008   333.336 S31S 261489 17/09/2023 Books
        VIVEKANANDA LIBRARY VIVEKANANDA LIBRARY 02/12/2008   333.336 S31S 261490 17/09/2023 Books
© Designed and Maintained by Vivekananda Library, MDU Rohtak